000 00959nas a2200301 4500
001 BR2018000795
003 BR-BrBNA
005 20231205131317.0
007 ta
008 230509b bl.|||p| |||| 00| 00por d
040 _aBR-BrBNA
_bpor
_cBiblioteca Nacional de Agricultura
041 _a(Pt)
072 _aF30
100 1 _aSilva Filho, D.F. da
100 1 _aYuyama, L.K.O.
100 1 _aAguiar, J.P.L.
100 1 _aOliveira, M.C.
100 1 _aMartins, L.H.P.
245 1 _aCaracterização e avaliação do potencial agronômico e nutricional de etnovariedades de cubiu (Solanum sessiflorum Dunal)da Amazônia
650 _aCUBIU
650 _aFRUTA TROPICAL
650 _aRECURSO GENETICO
650 _aMELHORAMENTO GENETICO VEGETAL
650 _aAMAZONIA
773 0 _tActa Amazonica (Brazil)
_xISSN 0044-5967
_g(Oct-Dec 2005), v. 35(4) p. 399-406
_wBR2018000795
909 _a202311
_bLúcia
_c55
_dLúcia Elande
942 _2AGRIS
_n0
_cANA
999 _c254115
_d254115